Flag to Language - Statistics

General Stats
  • This quiz has been taken 50 times
  • The average score is 11 of 16
Answer Stats
Picture Answer % Correct
Danish
97%
Mandarin
91%
Arabic
89%
Spanish
83%
English
71%
Vietnamese
71%
French
69%
Korean
69%
German
66%
Italian
66%
Persian
63%
Dutch
57%
Albanian
49%
Malay
49%
Russian
49%
Swahili
26%
No matching quizzes found
Score Distribution
Percent of People with Each Score
Percentile by Number Answered
Your Score History
You have not taken this quiz